000 00744nam a2200289Ia 4500
005 20260324121650.0
008 008 260324s9999 xx 000 0 eng d
020 _a9781315632223
037 _aEBOOK
040 _aCRL
040 _beng
040 _cCRL
041 _2eng
041 _aeng
084 _qCRL
100 _aStephen Kalberg
_91146539
245 0 _aSearching for the Spirit of American Democracy
245 0 _bMax Weber's Analysis of a Unique Political Culture, Past, Present, and Future
260 _bTaylor and Francis
260 _c2014
365 _a
365 _b290
856 _uhttp://www.taylorfrancis.com/books/9781315632223
942 _cEBOOK
999 _c1755650
_d1755650